000 00668nam a2200265Ia 4500
005 20260302113835.0
008 008 260114s9999 xx 000 0 eng d
020 _a9781805016540
037 _aTextbook
040 _aCRL
040 _beng
040 _cCRL
041 _2eng
041 _aeng
084 _qCRL
100 _aLydia Wilkins, author
_91116962
245 4 _aThe Autism-Friendly Cookbook
260 _bBloomsbury
260 _bJessica Kingsley Publishers
260 _c2023
650 _aPsychology
856 _uhttps://doi.org/10.5040/9781805016540?locatt=label:secondary_jkplibrary
942 _cEBOOK
999 _c1680429
_d1680429